书目信息 |
| 题名: |
数学物理方程
|
|
| 作者: | 李汉龙 , 缪淑贤 编著 | |
| 分册: | ||
| 出版信息: | 北京 国防工业出版社 2009.08 |
|
| 页数: | 327页 | |
| 开本: | 23cm | |
| 丛书名: | ||
| 单 册: | ||
| 中图分类: | O411.1 | |
| 科图分类: | ||
| 主题词: | 数学物理方程--shu xue wu li fang cheng--高等学校--教材 | |
| 电子资源: | ||
| ISBN: | 978-7-118-06346-2 | |
| 000 | 00988nam0 2200265 450 | |
| 001 | 012010645455 | |
| 005 | 20100623175823.64 | |
| 010 | @a978-7-118-06346-2@dCNY35.00 | |
| 100 | @a20100623d2009 em y0chiy0120 ea | |
| 101 | 0 | @achi |
| 102 | @aCN@b110000 | |
| 105 | @aa a 000yy | |
| 106 | @ar | |
| 200 | 1 | @a数学物理方程@Ashu xue wu li fang cheng@f李汉龙, 缪淑贤编著@Fli han long,miao shu xian bian zhu |
| 210 | @a北京@c国防工业出版社@d2009.08 | |
| 215 | @a327页@c图@d23cm | |
| 300 | @a普通高等院校“十一五”规划教材 | |
| 320 | @a有书目 (第327页) | |
| 330 | @a本书共分七章,第一、二、三章分别介绍波动方程、热传导方程和调和方程的基本定解问题的适应性、求解方法及解的性质。在此基础上,在第四章中对二阶线性偏微分方程作了分析和总结。 | |
| 606 | 0 | @a数学物理方程@Ashu xue wu li fang cheng@x高等学校@j教材 |
| 690 | @aO411.1@v4 | |
| 701 | 0 | @a李汉龙@Ali han long@4编著 |
| 701 | 0 | @a缪淑贤@Amiao shu xian@4编著 |
| 801 | 0 | @aCN@bQSSK@c20100623 |
| 905 | @b782329-31@dO411.1@eL173@f3 | |
| 数学物理方程/李汉龙, 缪淑贤编著.-北京:国防工业出版社,2009.08 |
| 327页:图;23cm |
| 普通高等院校“十一五”规划教材 |
| ISBN 978-7-118-06346-2:CNY35.00 |
| 本书共分七章,第一、二、三章分别介绍波动方程、热传导方程和调和方程的基本定解问题的适应性、求解方法及解的性质。在此基础上,在第四章中对二阶线性偏微分方程作了分析和总结。 |
| ● |
| 相关链接 |
|
|
|
正题名:数学物理方程
索取号:O411.1/L173
 
预约/预借
| 序号 | 登录号 | 条形码 | 馆藏地/架位号 | 状态 | 备注 |
| 1 | 782329 | 207823293 | 自科库401/401自科库 57排3列2层/ [索取号:O411.1/L173] | 在馆 | |
| 2 | 782330 | 207823300 | 自科库401/401自科库 57排3列2层/ [索取号:O411.1/L173] | 在馆 | |
| 3 | 782331 | 207823319 | 自科库401/401自科库 57排3列2层/ [索取号:O411.1/L173] | 在馆 |